• 首页
  • 本馆介绍
  • 公告通知
  • 最新文献
  • 馆藏检索
  • 电子资源
  • 读者导购
  • 参考咨询
  • 我的图书馆
  • 登录
  • 详细信息显示
  • 放入我的书架
  • 预约/预借图书
  • 作者相关作品
  • 分类相关作品
  • 丛书相关作品
  • 出版社相关作品

书目信息

  • 表格格式
  • 工作单格式
  • 卡片格式
题名:
中国很高兴
    
 
作者: 巩胜利 , 章夫 , 雅兰 著
分册:  
出版信息: 北京   东方出版社  2009
页数: 11,235页
开本: 24cm
丛书名:
单 册:
中图分类: D609.9
科图分类:
主题词: 时事评论--中国--现代--选集 , 时事评论
电子资源:
ISBN: 978-7-5060-3510-1
000 01177nam0 2200289 45
001 1033000828
005 20100407172205.00
010    @a978-7-5060-3510-1@dCNY29.80
100    @a20100331d2009 ekmy0chiy0120 ea
101 0  @achi
102    @aCN@b110000
105    @ay z 000yy
106    @ar
200 1  @a中国很高兴@AZhong Guo Hen Gao Xing@dHappy China@e全球视野下中国时代来临的前瞻与后顾@EQuan Qiu Shi Ye Xia Zhong Guo Shi Dai Lai Lin De Qian Zhan Yu Hou Gu@f巩胜利,章夫,雅兰著@FGong Sheng Li, Zhang Fu, Ya Lan Zhu@zeng
210    @a北京@c东方出版社@d2009
215    @a11,235页@d24cm
330    @a本书我们展望了世界金融危机下的中国机遇,提出了以“中国机遇论”取代“中国威胁论”的主张;重新梳理了中国近年来的高速发展的路线图和大国崛起的路径。
510 1  @aHappy China@zeng
517 1  @a全球视野下中国时代来临的前瞻与后顾@AQuan Qiu Shi Ye Xia Zhong Guo Shi Dai Lai Lin De Qian Zhan Yu Hou Gu
606 0  @a时事评论@y中国@z现代@j选集
606 0  @a时事评论
690    @aD609.9@v4
701  0 @a巩胜利@AGong Sheng Li@4著
701  0 @a章夫@AZhang Fu@4著
701  0 @a雅兰@AYa Lan@4著
801  0 @aCN@bTANGWEI@c20100407
905    @b0587340-44@dD609.9@e101@f5
    
    中国很高兴=Happy China:全球视野下中国时代来临的前瞻与后顾/巩胜利,章夫,雅兰著.-北京:东方出版社,2009
    11,235页;24cm
    
    
    ISBN 978-7-5060-3510-1:CNY29.80
    本书我们展望了世界金融危机下的中国机遇,提出了以“中国机遇论”取代“中国威胁论”的主张;重新梳理了中国近年来的高速发展的路线图和大国崛起的路径。
●
相关链接 在E读中查询图书 在五车中查询图书 在当当中查询图书 在豆瓣中查询图书


正题名:中国很高兴     索取号:D609.9/101         预约/预借

序号 登录号 条形码 馆藏地/架位号 状态 备注
1 0587340   205873401   第一样本阅览室/ [索取号:D609.9/101] 在馆    
2 0587341   205873410   第一借阅区/ [索取号:D609.9/101] 在馆    
3 0587342   205873429   第一借阅区/ [索取号:D609.9/101] 在馆    
4 0587343   205873438   第一借阅区/ [索取号:D609.9/101] 在馆    
5 0587344   205873447   第一借阅区/ [索取号:D609.9/101] 在馆    
唐山师范学院图书馆 欢迎您!
大连网信软件有限公司© 版权所有